Bilecik Bilecik Bilecik Bilecik Bilecik

Türk Bayrağı ve Ay Yıldız/ (Record no. 34122)

MARC details
000 -BAŞLIK
Sabit Uzunluktaki Kontrol Alanı 00880nam a22003017a 4500
001 - KONTROL NUMARASI
Control Dosyası 0034168
003 - KONTROL NUMARASI KİMLİĞİ
Kontrol Alanı KOHA_MİRAKIL
005 - EN SON İŞLEM TARİHİ ve ZAMANI
Kontrol Alanı 20260207002912.0
007 - FİZİKSEL TANIM SABİT ALAN - GENEL BİLGİ
Sabit uzunluklu kontrol alanı ta
008 - SABİT UZUNLUKTAKİ VERİ ÖGELERİ - GENEL BİLGİ
Sabit Alan 111207b tu a|||gr||||#||||0|tur |
040 ## - KATALOGLAMA KAYNAĞI
Özgün Kataloglama Kurumu TR-BiSEU
Kataloglama Dili tur
Çeviri Kurumu TR-BiSEU
Açıklama Kuralları rda
041 0# - DİL KODU
Metin ya da ses kaydının dil kodu tur
044 ## - YAYINLAYAN/ÜRETEN KURULUŞUN ÜLKE KODU
ISO country code tu
050 ## - SINIFLAMA ve YER NUMARASI
Sınıflama Numarası CR115.T9
Yer Numarası K96 1938
100 1# - KİŞİ ADI
Yazar Adı (Kişi adı) Kurtoğlu, Fevzi.
245 1# - ESER ADI BİLDİRİMİ
Başlık Türk Bayrağı ve Ay Yıldız/
Sorumluluk Bildirimi Fevzi Kurtoğlu ; Fevzi Kurtoğlu.
250 ## - BASIM BİLDİRİMİ
Basım Bildirimi 2. bsk.
264 #1 - ÜRERİM, YAYIN, DAĞITIM ve TELİF BİLDİRİMİ
Yayın yeri Ankara :
Yayınlayan Türk Tarih Kurumu
300 ## - FİZİKSEL TANIMLAMA
Sayfa, Cilt vb. 164 sayfa :
Diğer fiziki detaylar res. ;
Boyutları 24 cm.
336 ## - İÇERİK TÜRÜ
Content type term metin
Content type code txt
Source rdacontent
337 ## - MEDYA TÜRÜ
Media type term aracısız
Media type code n
Source rdamedia
338 ## - TAŞIYICI TÜRÜ
Carrier type term cilt
Carrier type code nc
Source rdacarrier
490 0# - DİZİ BİLDİRİMİ
Dizi Bildirimi Türk Tarih Kurumu Yayınları
650 #0 - KONU BAŞLIĞI EK GİRİŞ - KONU TERİMİ
Konusal terim veya coğrafi ad Flags--Turkey.
9 (RLIN) 14996
650 #0 - KONU BAŞLIĞI EK GİRİŞ - KONU TERİMİ
Konusal terim veya coğrafi ad Bayraklar--Türkiye.
9 (RLIN) 14997
830 0# - SERİ EK GİRİŞİ - TEKBİÇİM ESER ADI
Tekbiçim Başlık Türk Tarih Kurumu Yayınları
9 (RLIN) 20361
942 ## - EK GİRİŞ ÖGELERİ (KOHA)
Source of classification or shelving scheme Library of Congress Classification
Koha item type Book
Holdings
Materyal Türü Kalıcı Konum Mevcut Konum Raf Yeri Sınıflandırma Kaynağı Edinim Bilgisi Ana Konular Alt Konular Yer Numarası Demirbaş Numarası Fatura Tarihi Geri Çekilme Durumu Kayıp Durumu Hasarlı Durumu Kredi için değil Kayıt Tarih Toplam Ödünçverme Son Görülme Tarihi Son Kontrol Tarihi Genel / Bağış Notu
Book Prof. Dr. Azmi Özcan Kütüphanesi Prof. Dr. Azmi Özcan Kütüphanesi Uluğbey Salonu Library of Congress Classification Bağış TARİHE YARDIMCI BİLİMLER Heraldik (Arma Bilimi) CR115.T9 K96 1938 0034168 02/02/2026         07/12/2011   05/12/2024 05/12/2024 Genel Bağış